000 00941nam a2200253 a 4500
001 46042
003 BD-RjUL
005 20211209054112.0
008 160730s1964 pk 001 0 eng
035 _a(BD-RjUL)46160
040 _aDLC
_cCarP
_dBD-RjUL
_beng
041 _aeng
082 0 4 _a344.540533
_bAIL 1964
100 1 _aAiyer
_945593
245 1 4 _aThe law and practice of arms and explosives in India :
_bbeing an exhaustive commentaries on the Indian arms act, 1959, Indian explosives act, and Indian explosive substance act with rules, notification and allied matter /
_cAiyer ,Revised by B. N. Dutt
250 _a5th ed.
260 _aAllahabad :
_bLaw Book Co.,
_c1964
300 _axxxvii, 560 p. ;
_c25 cm.
504 _aInclude index.
650 0 _aFirearms
_xLaw and legislation
_zIndia.
_945594
650 0 _aExplosives
_xLaw and legislation
_zIndia.
_945595
700 _aDutt, by B. N. Revised
_9140750
942 _2ddc
_cBK
999 _c46042
_d46042